The Persian expedition / (Record no. 24881)
[ view plain ]
| 000 -LEADER | |
|---|---|
| fixed length control field | 01342cam a2200361 4500 |
| 001 - CONTROL NUMBER | |
| control field | 24881 |
| 003 - CONTROL NUMBER IDENTIFIER | |
| rucl marc code | BD-RjUL |
| 005 - DATE AND TIME OF LATEST TRANSACTION | |
| control field | 20211209001118.0 |
| 008 - FIXED-LENGTH DATA ELEMENTS--GENERAL INFORMATION | |
| fixed length control field | 140315r19521949enk b 001 0 eng d |
| 035 ## - SYSTEM CONTROL NUMBER | |
| System control number | (BD-RjUL) 24950 |
| 040 ## - CATALOGING SOURCE | |
| Original cataloging agency | DLC |
| Transcribing agency | DLC |
| Modifying agency | DLC |
| -- | BD-RjUL |
| Language of cataloging | eng |
| 041 1# - LANGUAGE CODE | |
| Language code of text/sound track or separate title | enggre |
| 082 00 - DEWEY DECIMAL CLASSIFICATION NUMBER | |
| Classification number | 935.050924 |
| Edition number | 19 |
| Author mark and year | XEP 1952 |
| 100 0# - MAIN ENTRY--PERSONAL NAME | |
| Personal name | Xenophon. |
| 9 (RLIN) | 76574 |
| 245 14 - TITLE STATEMENT | |
| Title | The Persian expedition / |
| Statement of responsibility, etc. | Translated by Rex Warner. With an introd. and notes by George Cawkwell. |
| 260 ## - PUBLICATION, DISTRIBUTION, ETC. (IMPRINT) | |
| Place of publication, distribution, etc. | Harmondsworth, Eng. : |
| Name of publisher, distributor, etc. | Penguin Books, |
| Date of publication, distribution, etc. | 1949 [Reprinted 1952] |
| 300 ## - PHYSICAL DESCRIPTION | |
| Pagination | 309 p. ; |
| Size | 19 cm. |
| 350 ## - PRICE (NR) (BK AM CF MU VM SE) [OBSOLETE] | |
| Price | $2.95 (U.S.) |
| 490 0# - SERIES STATEMENT | |
| Series statement | The Penguin classics |
| 500 ## - GENERAL NOTE | |
| General note | Translation of Anabasis. |
| 504 ## - BIBLIOGRAPHY, ETC. NOTE | |
| Bibliography, etc | Includes bibliographical references. and Index |
| 600 00 - SUBJECT ADDED ENTRY--PERSONAL NAME | |
| Personal name | Cyrus the Younger, |
| Dates associated with a name | -401 B.C. |
| 651 #0 - SUBJECT ADDED ENTRY--GEOGRAPHIC NAME | |
| Geographic name | Greece |
| General subdivision | History |
| Chronological subdivision | Expedition of Cyrus, 401 B.C. |
| 9 (RLIN) | 76576 |
| Geographic name | Iran |
| General subdivision | History |
| Chronological subdivision | To 640. |
| 9 (RLIN) | 74859 |
| 700 1# - ADDED ENTRY--PERSONAL NAME | |
| Personal name | Warner, Rex, |
| Dates associated with a name | 1905-1986, |
| Relator term | tr. |
| Personal name | Cawkwell, George, |
| Relator term | ed. |
| 856 42 - ELECTRONIC LOCATION AND ACCESS | |
| Materials specified | Contributor biographical information |
| Uniform Resource Identifier | <a href="http://www.loc.gov/catdir/enhancements/fy1206/73159470-b.html">http://www.loc.gov/catdir/enhancements/fy1206/73159470-b.html</a> |
| Materials specified | Table of contents only |
| Uniform Resource Identifier | <a href="http://www.loc.gov/catdir/enhancements/fy1206/73159470-t.html">http://www.loc.gov/catdir/enhancements/fy1206/73159470-t.html</a> |
| 942 ## - ADDED ENTRY ELEMENTS (KOHA) | |
| Source of classification or shelving scheme | Dewey Decimal Classification |
| Koha item type | Books |
| Lost status | Source of classification or shelving scheme | Damaged status | Not for loan | Collection code | Permanent Location | Current Location | Shelving location | Date acquired | Source of acquisition | Total Checkouts | Full call number | Date last seen | Copy number | Koha item type |
|---|---|---|---|---|---|---|---|---|---|---|---|---|---|---|
| Dewey Decimal Classification | Added to bundle | Non-fiction | Central Library, University of Rajshahi | Central Library, University of Rajshahi | Reading Room | 13/08/1965 | Unknowen Gift | 935.050924 XEP 1952 | 15/03/2014 | C-1 | Books |